Big data and librarianship: An explorative study (Record no. 393583)

MARC details
000 -LEADER
fixed length control field 00519nam a2200181 4500
005 - DATE & TIME
control field 20251014145346.0
008 - FIXED-LENGTH DATA ELEMENTS--GENERAL INFORMATION
fixed length control field 251014b |||||||| |||| 00| 0 eng d
040 ## - CATALOGING SOURCE
Original cataloging agency VIVEKANANDA LIBRARY
082 ## - DDC NUMBER
Classification number 020
Book Number N294B
100 ## - MAIN ENTRY--PERSONAL NAME
Personal name Neeraj
245 ## - TITLE STATEMENT
Title Big data and librarianship: An explorative study
260 ## - PUBLICATION, DISTRIBUTION, ETC. (IMPRINT)
Name of publisher, distributor, etc Department of Library and Information Science, M D University, Rohtak
Date of publication, distribution, etc 2024
300 ## - PHYSICAL DESCRIPTION
Pages xvii, 317
650 ## - Subject
Subject Library Science
650 ## - Subject
Subject Big Data-Librarianship
700 ## - Added Entry Personal Name
Added Entry Personal Name Swain, Nirmal Kumar
942 ## - ADDED ENTRY ELEMENTS (KOHA)
Koha item type Thesis
Holdings
Withdrawn status Lost status Source of classification or shelving scheme Damaged status Not for loan Location (home branch) Sublocation or collection (holding branch) Shelving location Date acquired Koha issues (times borrowed) Koha full call number Accession No. Koha date last seen Copy number Koha item type
    Dewey Decimal Classification     VIVEKANANDA LIBRARY VIVEKANANDA LIBRARY Vivekananda Library 14/10/2025   020 N294B 411199 14/10/2025 R Thesis
© Designed and Maintained by Vivekananda Library, MDU Rohtak